Štatistika a riadenie kvality /

Na minha lista:
Detalhes bibliográficos
Autor principal: Chajdiak, Jozef (Author)
Formato: Livro
Idioma:eslovaco
Publicado em: Bratislava : Statis, 1995
Assuntos:
Acesso em linha:OBSAH
Tags: Adicionar Tag
Sem tags, seja o primeiro a adicionar uma tag!

MARC

LEADER 00000nam a22000003a 4500
001 stu45439
005 20150617225712.6
008 960711s1995----cs------------------slo-d
020 |a 80-85659-04-2 
040 |a STU  |b slo 
041 0 |a slo 
044 |a cs 
080 |a 658.568 
080 |a 519.23 
100 1 |a Chajdiak, Jozef  |4 aut 
245 1 |a Štatistika a riadenie kvality /  |c [aut.]Jozef Chajdiak 
260 |a Bratislava :  |b Statis,  |c 1995 
300 |a 164 s 
650 7 |a kvalita  |2 stusub 
650 7 |a riadenie  |2 stusub 
650 7 |a štatistika  |2 stusub 
650 7 |a metódy  |2 stusub 
856 4 |a https://sweb.mtf.stuba.sk/obsahy/Statistika_a_riadenie_kvality_95  |u https://sweb.mtf.stuba.sk/obsahy/Statistika_a_riadenie_kvality_95  |3 OBSAH 
996 |b 284M014208  |c M*9369-6  |l MMKN  |s A  |a 24  |w stu45439_0001 
996 |b 284M038530  |c M*9369-1  |l MMKN  |s A  |a 24  |w stu45439_0002 
996 |b 284M007715  |c M*9369-4  |l MMKN  |s A  |a 24  |w stu45439_0003 
996 |b M 29381  |c M*9369-3  |l MMKN  |s A  |a 24  |w stu45439_0004 
996 |b 284M053060  |c M*9369-5  |l MMKN  |s A  |a 24  |w stu45439_0005